000 00627nam a22002177a 4500
001 8548
003 FISKH
005 20250919083112.0
008 250919b cb ||||| |||| 00| 0 eng d
020 _a9782012805460
040 _aFISKH
_beng
_cFISKH
_dFISKH
050 _aPZ7
082 _a443.21
100 _aKahn, Gérard
245 _aMini-Dictionnaire Français-Anglais,Anglais-Français /
260 _aParis :
_bOxford University Press,
_c2003.
300 _a723 pages :
_bcolor illustrations ;
_c12 cm
650 _aDictionaries
_vReference
_xFrench language
_yFrench-English
942 _2ddc
_cBK
_n0
999 _c8548
_d8548